<?xml version="1.0" encoding="UTF-8"?>
<collection xmlns="http://www.loc.gov/MARC21/slim">
<record>
  <controlfield tag="001">131591</controlfield>
  <controlfield tag="005">20240212142201.0</controlfield>
  <datafield tag="024" ind1="7" ind2=" ">
    <subfield code="2">doi</subfield>
    <subfield code="a">10.24310/mhnh.vi16.15632</subfield>
  </datafield>
  <datafield tag="024" ind1="8" ind2=" ">
    <subfield code="2">sideral</subfield>
    <subfield code="a">136948</subfield>
  </datafield>
  <datafield tag="037" ind1=" " ind2=" ">
    <subfield code="a">ART-2016-136948</subfield>
  </datafield>
  <datafield tag="041" ind1=" " ind2=" ">
    <subfield code="a">spa</subfield>
  </datafield>
  <datafield tag="100" ind1=" " ind2=" ">
    <subfield code="a">Sánchez Natalías, Celía</subfield>
    <subfield code="0">(orcid)0000-0002-8420-3504</subfield>
  </datafield>
  <datafield tag="245" ind1=" " ind2=" ">
    <subfield code="a">Katadesmoi en el Occidente del Imperio Romano</subfield>
  </datafield>
  <datafield tag="260" ind1=" " ind2=" ">
    <subfield code="c">2016</subfield>
  </datafield>
  <datafield tag="520" ind1="3" ind2=" ">
    <subfield code="a">Este artículo analiza la difusión de tablillas de maldición griegas (katadesmoi) en el Occidente Romano entre los siglos VI a. E. y V d. E. Como bien es sabido, el hábito de inscribir maldiciones sobre plomo tiene su origen en la Magna Grecia, concretamente en Sicilia, hacia el año 500 a. E.. Desde esta isla, y en virtud de los contactos coloniales y comerciales helenos, la praxis se difundirá por las regiones mediterráneas, viviendo un impulso definitivo con la conquista del territorio por parte de Roma y la difusión de la escritura. Aunque el corpus griego se data mayoritariamente en época republicana, importantes conjuntos procedentes del Africa Proconsularis se fechan asimismo en el Alto Imperio. Desde el s. III d. E. y pese al claro declive de esta práctica, la recepción (y éxito) de las técnicas mágicas greco-egipcias durante el periodo tardoantiguo darán un renovado y último aliento al empleo de katadesmoi.</subfield>
  </datafield>
  <datafield tag="506" ind1="0" ind2=" ">
    <subfield code="a">Access copy available to the general public</subfield>
    <subfield code="f">Unrestricted</subfield>
  </datafield>
  <datafield tag="536" ind1=" " ind2=" ">
    <subfield code="9">info:eu-repo/grantAgreement/ES/MINECO/HAR2014-57067-P</subfield>
  </datafield>
  <datafield tag="540" ind1=" " ind2=" ">
    <subfield code="9">info:eu-repo/semantics/openAccess</subfield>
    <subfield code="a">by-nc-nd</subfield>
    <subfield code="u">http://creativecommons.org/licenses/by-nc-nd/3.0/es/</subfield>
  </datafield>
  <datafield tag="655" ind1=" " ind2="4">
    <subfield code="a">info:eu-repo/semantics/article</subfield>
    <subfield code="v">info:eu-repo/semantics/publishedVersion</subfield>
  </datafield>
  <datafield tag="773" ind1=" " ind2=" ">
    <subfield code="g">16 (2016), 137-152</subfield>
    <subfield code="p">MHNH (Málaga)</subfield>
    <subfield code="t">MHNH (Málaga)</subfield>
    <subfield code="x">1578-4517</subfield>
  </datafield>
  <datafield tag="856" ind1="4" ind2=" ">
    <subfield code="s">1266585</subfield>
    <subfield code="u">http://zaguan.unizar.es/record/131591/files/texto_completo.pdf</subfield>
    <subfield code="y">Versión publicada</subfield>
  </datafield>
  <datafield tag="856" ind1="4" ind2=" ">
    <subfield code="s">1725412</subfield>
    <subfield code="u">http://zaguan.unizar.es/record/131591/files/texto_completo.jpg?subformat=icon</subfield>
    <subfield code="x">icon</subfield>
    <subfield code="y">Versión publicada</subfield>
  </datafield>
  <datafield tag="909" ind1="C" ind2="O">
    <subfield code="o">oai:zaguan.unizar.es:131591</subfield>
    <subfield code="p">articulos</subfield>
    <subfield code="p">driver</subfield>
  </datafield>
  <datafield tag="951" ind1=" " ind2=" ">
    <subfield code="a">2024-02-12-13:57:12</subfield>
  </datafield>
  <datafield tag="980" ind1=" " ind2=" ">
    <subfield code="a">ARTICLE</subfield>
  </datafield>
</record>
</collection>